[Event "69th ch-MNE 2017"]
[Site "masterchessopen.com Bar MNE"]
[Date "2017.03.15"]
[Round "5.1"]
[White "Sukovic,Andrej"]
[Black "Kalezic,B"]
[Result "0-1"]
[WhiteElo "2199"]
[BlackElo "2465"]

1.e4 e6 2.d4 d5 3.Nc3 Nf6 4.e5 Nfd7 5.f4 c5 6.Nf3 Nc6 7.Be3 h6 8.Qd2 a6 9.dxc5
Bxc5 10.O-O-O Qa5 11.Bxc5 Nxc5 12.Qe3 Bd7 13.f5 O-O-O 14.a3 Kb8 15.g3 Ne4
16.Nxe4 dxe4 17.Qxe4 exf5 18.Qd5 Qxd5 19.Rxd5 Be6 20.Rc5 Rd5 21.Rxd5 Bxd5
22.Bg2 Bxf3 23.Bxf3 Nxe5 24.Be2 Rd8 25.Rf1 g6 26.Re1 f6 27.Rf1 h5 28.c3 Kc7
29.Kc2 Ng4 30.Bxg4 hxg4 31.c4 Rd4 32.Kc3 Re4 33.Rf2 Kd6 34.Kb4 Re3 35.Rd2+ Kc6
36.Rd8 Re2 37.Rf8 Rxb2+ 38.Kc3 Rxh2 39.Rxf6+ Kc5 40.Rxg6 Rh3 {#R} 0-1

[Event "69th ch-MNE 2017"]
[Site "masterchessopen.com Bar MNE"]
[Date "2017.03.15"]
[Round "5.2"]
[White "Blagojevic,Dr"]
[Black "Pecurica,M"]
[Result "1-0"]
[WhiteElo "2457"]
[BlackElo "2236"]

1.d4 d5 2.c4 c6 3.Nf3 Nf6 4.Qc2 e6 5.Nbd2 Bd6 6.g3 O-O 7.Bg2 b6 8.O-O Bb7 9.e4
dxe4 10.Nxe4 Nxe4 11.Qxe4 Nd7 12.Bf4 Bxf4 13.Qxf4 c5 14.Rad1 cxd4 15.Rxd4 Qc8
16.Rfd1 Nf6 17.Ne5 Bxg2 18.Kxg2 Qb7+ 19.Qf3 Qc7 20.Qe3 Rad8 21.Qd3 Rxd4
22.Qxd4 h6 23.Kg1 Rc8 24.b4 Qe7 25.a3 Qc7 26.h3 Qe7 27.Rd3 Qc7 28.Kh2 Qe7
29.Kg1 Qc7 30.h4 h5 31.Kf1 Qe7 32.Kg2 Qb7+ 33.Kg1 Qc7 34.Qd6 Ne4 35.Qxc7 Rxc7
36.Rd8+ Kh7 37.Rd7 Rxd7 38.Nxd7 Kg6 39.Ne5+ Kf6 40.Nc6 Nd2 41.c5 bxc5 42.bxc5
Ne4 43.Nxa7 Nxc5 44.Nb5 Ke5 45.Kg2 f6 46.Kf3 g5 47.Ke3 Kf5 48.f3 e5 49.Nd6+
Kg6 50.Ne4 Ne6 51.a4 g4 52.f4 f5 53.Nd2 exf4+ 54.gxf4 Kf6 55.a5 Nc7 56.Kf2 Ke6
57.Nf1 Kd7 58.Ng3 Nd5 59.Nxh5 Kc6 60.Ng3 Nxf4 61.Nxf5 Nh5 62.Ng3 Nf4 63.Nf1
Nh5 64.Ne3 Nf6 65.Kg3 Kb5 66.Kf4 g3 67.Kxg3 Kxa5 68.Kf4 Kb5 69.Nf5 Kc5 70.Kg5
Nd7 71.h5 Ne5 72.Ne3 Kd6 73.Kf6 Nd7+ 74.Kf7 Nc5 75.h6 Ne6 76.Kf6 Nf8 77.Nc4+
Kd7 78.Kf7 Ne6 79.Ne5+ Kd6 80.Nf3 Nd8+ 81.Kf6 {#r} 1-0

[Event "69th ch-MNE 2017"]
[Site "masterchessopen.com Bar MNE"]
[Date "2017.03.15"]
[Round "5.3"]
[White "Djukic,Ni"]
[Black "Draskovic,L"]
[Result "1-0"]
[WhiteElo "2508"]
[BlackElo "2458"]

1.e4 c5 2.Nf3 d6 3.d4 cxd4 4.Nxd4 Nf6 5.Nc3 e6 6.g4 h6 7.h3 a6 8.Bg2 Nc6 9.Be3
Be7 10.Qe2 Nxd4 11.Bxd4 e5 12.Be3 b5 13.O-O-O b4 14.Nd5 Nxd5 15.exd5 a5 16.Kb1
Bd7 17.Be4 a4 18.Rdg1 Bh4 19.Qd2 b3 20.cxb3 axb3 21.a3 Ra4 22.f3 Bg5 23.h4
Bxe3 24.Qxe3 Qa5 25.Rc1 O-O 26.g5 h5 27.Rc3 Rd4 28.Rxb3 Rxd5 29.g6 fxg6 30.Qg5
Rf6 31.Bxg6 e4 32.Rb8+ Rf8 33.Rxf8+ Kxf8 34.Qf4+ Ke7 35.Qf7+ Kd8 36.Bxe4 Rb5
37.Qxg7 {#r} 1-0

[Event "69th ch-MNE 2017"]
[Site "masterchessopen.com Bar MNE"]
[Date "2017.03.15"]
[Round "5.6"]
[White "Kontic,D"]
[Black "Petijevic,V"]
[Result "1-0"]
[WhiteElo "2324"]
[BlackElo "2303"]

1.e4 e5 2.Nf3 Nf6 3.Nxe5 d6 4.Nf3 Nxe4 5.Qe2 Qe7 6.d3 Nf6 7.Bg5 Qxe2+ 8.Bxe2
Be7 9.Nc3 c6 10.O-O-O Na6 11.Rhe1 d5 12.Bf1 Nc7 13.Bxf6 gxf6 14.Ne2 Bg4
15.Ned4 Ne6 16.Rd2 Bxf3 17.Nxf3 O-O 18.g3 Bd6 19.Rde2 Rfe8 20.Bh3 Ng7 21.Rxe8+
Nxe8 22.Bd7 Ng7 23.d4 Kf8 24.Nh4 Rd8 25.Bf5 h6 26.Re3 Re8 27.Rb3 Re7 28.Kd1
Rc7 29.Rf3 Be7 30.Bh3 Ne6 31.Rd3 Ng7 32.c3 Bd8 33.Rf3 a5 34.a4 b5 35.axb5 cxb5
36.Nf5 Ne6 37.Bg2 b4 38.cxb4 axb4 39.Rb3 Ng7 40.Ne3 Be7 41.Kd2 Ne6 42.Kd3 Rc1
43.Bxd5 f5 44.Nxf5 Rd1+ 45.Ke2 Rc1 46.Bxe6 {#r} 1-0

[Event "PRO League KO Stage 2017"]
[Site "masterchessopen.com chess.com INT"]
[Date "2017.03.15"]
[Round "3"]
[White "Andreikin,D"]
[Black "Carlsen,M"]
[Result "1-0"]
[WhiteElo "2734"]
[BlackElo "2838"]

1.e4 e5 2.Nf3 Nc6 3.d4 exd4 4.Nxd4 Bc5 5.Be3 Bb6 6.Nc3 Nf6 7.Bb5 O-O 8.O-O Re8
9.f3 Ne5 10.Bf2 c6 11.Ba4 d5 12.exd5 Nxd5 13.Nxd5 Qxd5 14.Bb3 Qd6 15.c3 Bd7
16.a4 Rad8 17.Qb1 c5 18.Nf5 Bxf5 19.Qxf5 g6 20.Qf4 Bc7 21.Rfd1 Qb6 22.Bd5 Rd7
23.a5 Qxb2 24.Qa4 Red8 25.c4 Nd3 26.Rxd3 Re7 27.Qa2 Qf6 28.Rad1 b6 29.axb6
axb6 30.g3 Rde8 31.Be4 Be5 32.Qa4 Kg7 33.Kg2 h5 34.h4 g5 35.hxg5 Qxg5 36.Rh1
f5 37.f4 Bxf4 38.Bf3 Be3 39.Qa1+ Qf6 40.Qxf6+ Kxf6 41.Bxh5 Bxf2 42.Bxe8 Re2
43.Kf3 {#r} 1-0

[Event "PRO League KO Stage 2017"]
[Site "masterchessopen.com chess.com INT"]
[Date "2017.03.15"]
[Round "3"]
[White "Zherebukh,Y"]
[Black "Durarbayli,V"]
[Result "0-1"]
[WhiteElo "2605"]
[BlackElo "2627"]

1.e4 e5 2.Nf3 Nc6 3.Bb5 a6 4.Ba4 Nf6 5.O-O Be7 6.Re1 b5 7.Bb3 d6 8.c3 O-O 9.h3
Na5 10.Bc2 c5 11.d4 Qc7 12.Nbd2 cxd4 13.cxd4 Nc6 14.Nb3 a5 15.Be3 a4 16.Nbd2
Bd7 17.Rc1 Qb7 18.a3 Rfe8 19.Nb1 Na5 20.dxe5 dxe5 21.Nxe5 Be6 22.Nc3 Nb3
23.Rb1 Rad8 24.Qe2 Bd6 25.Ng4 Nxg4 26.hxg4 Bc4 27.Qf3 Be5 28.Nd5 Nd4 29.Bxd4
Bxd4 30.Red1 Qa7 31.b3 Bxd5 32.exd5 axb3 33.Rxb3 Bc5 34.Bd3 Rd6 35.Bxb5 Rb8
36.g5 h6 37.a4 hxg5 38.Qg3 Rbd8 39.Rbd3 g4 40.R1d2 Qe7 41.Rd1 Qe4 42.Qh4 Rf6
43.R3d2 Qf4 44.Re2 g6 45.Kf1 Kg7 46.g3 Qf3 47.Rd3 Qf5 48.Qh2 Rxd5 49.Re8 Qxf2+
50.Qxf2 Rxf2+ 51.Ke1 Rh5 52.Kd1 Ra2 53.Bc6 Rhh2 54.Rc3 Bb4 55.Ree3 Bxc3
56.Rxc3 Ra1+ 57.Rc1 Rxc1+ 58.Kxc1 Rh3 59.a5 Rxg3 60.Kb2 Re3 61.a6 Re7 62.Bb7
g3 63.Kc2 Re2+ 64.Kb3 Re7 65.Kc2 f5 66.a7 g2 67.a8=Q g1=Q 68.Bd5 Qc5+ 69.Kd2
Qd4+ 70.Kc2 Rc7+ 71.Kb3 Qb6+ 72.Ka4 Ra7+ {#R} 0-1

[Event "PRO League KO Stage 2017"]
[Site "masterchessopen.com chess.com INT"]
[Date "2017.03.15"]
[Round "3"]
[White "Zherebukh,Y"]
[Black "De Vreesse Pieters,Seppe"]
[Result "1-0"]
[WhiteElo "2605"]
[BlackElo "2229"]

1.e4 d6 2.d4 Nf6 3.Nc3 g6 4.f4 Bg7 5.Nf3 O-O 6.Bd3 Nc6 7.O-O e5 8.dxe5 dxe5
9.f5 Nb4 10.Bg5 Nxd3 11.cxd3 c6 12.Kh1 h6 13.Bh4 Qb6 14.Nxe5 Qxb2 15.Rc1 g5
16.Nc4 Qb4 17.Bg3 Rd8 18.e5 Nd5 19.Ne4 b5 20.Ncd6 Rd7 21.Qh5 Qd4 22.f6 Bf8
23.e6 {#r} 1-0

[Event "PRO League KO Stage 2017"]
[Site "masterchessopen.com chess.com INT"]
[Date "2017.03.15"]
[Round "3"]
[White "Durarbayli,V"]
[Black "So,W"]
[Result "0-1"]
[WhiteElo "2627"]
[BlackElo "2822"]

1.e4 e5 2.Nf3 Nc6 3.c3 d5 4.Qa4 f6 5.Bb5 Ne7 6.exd5 Qxd5 7.O-O Bd7 8.d4 a6
9.c4 Qd6 10.dxe5 fxe5 11.Rd1 Qe6 12.Nc3 Rc8 13.Ng5 Qg4 14.h3 axb5 15.Qxb5 Qf5
16.Qxb7 Nd4 17.Nb5 Bc6 18.Qa6 Nxb5 19.cxb5 Ra8 20.g4 Qc2 21.Rd2 Qg6 {#R} 0-1

[Event "PRO League KO Stage 2017"]
[Site "masterchessopen.com chess.com INT"]
[Date "2017.03.15"]
[Round "3"]
[White "Blomqvist,E"]
[Black "Gozzoli,Y"]
[Result "0-1"]
[WhiteElo "2554"]
[BlackElo "2586"]

1.e4 e5 2.Nf3 Nc6 3.Bb5 a6 4.Ba4 Nf6 5.O-O Be7 6.d3 d6 7.c3 O-O 8.Re1 Re8 9.h3
Bf8 10.c4 Bd7 11.Be3 g6 12.Nc3 Bg7 13.Qd2 Nh5 14.Bxc6 Bxc6 15.d4 exd4 16.Bxd4
Nf6 17.Qd3 Bd7 18.Nd5 Nxd5 19.cxd5 Bxd4 20.Qxd4 c5 21.Qc3 f6 22.b4 Rc8 23.bxc5
Rxc5 24.Qb4 b5 25.Nd4 Rc4 26.Qd2 Qb6 27.Rad1 Kg7 28.Re3 b4 29.Ne6+ Bxe6
30.dxe6 Qc6 31.Qxd6 Rxe6 32.Qd8 Rc1 33.Rxc1 Qxc1+ 34.Kh2 Qc6 35.Rd3 Qxe4
36.Rd7+ Kh6 37.Rd4 Qe5+ 38.f4 Qc5 39.Rd5 Qe7 40.Qc8 Qe8 41.Qxe8 Rxe8 42.Rd6 a5
43.Rxf6 Re2 44.a3 b3 45.Rb6 a4 46.Rb4 b2 47.Rb7 Rc2 48.h4 Rd2 49.Rb4 Kg7
50.Rb6 h5 51.Kh3 Rd3+ {#R} 0-1

[Event "PRO League KO Stage 2017"]
[Site "masterchessopen.com chess.com INT"]
[Date "2017.03.15"]
[Round "3"]
[White "Caruana,F"]
[Black "Pichot,A"]
[Result "1-0"]
[WhiteElo "2817"]
[BlackElo "2556"]

1.e4 c5 2.Nf3 e6 3.d4 cxd4 4.Nxd4 Nc6 5.Nc3 Qc7 6.Be3 a6 7.Qd2 Nf6 8.O-O-O Be7
9.f3 b5 10.g4 Nxd4 11.Bxd4 Bb7 12.Kb1 O-O 13.h4 b4 14.Na4 d5 15.e5 Nd7 16.Qe3
Bc6 17.Nb6 Nxb6 18.Bxb6 Qb7 19.Bd4 a5 20.f4 a4 21.f5 Rfc8 22.f6 Bf8 23.fxg7
Bxg7 24.h5 b3 25.cxb3 axb3 26.a3 Qe7 27.Bd3 Bf8 28.g5 Rxa3 29.bxa3 Qxa3 30.Rh2
Ba4 31.g6 fxg6 32.hxg6 h6 33.g7 Bxg7 34.Rg1 Rc2 35.Rxg7+ Kxg7 36.Qxh6+ Kf7
37.Qf6+ Ke8 38.Rh8+ Kd7 39.Qd8+ Kc6 40.Qc8# 1-0

[Event "PRO League KO Stage 2017"]
[Site "masterchessopen.com chess.com INT"]
[Date "2017.03.15"]
[Round "3"]
[White "Yatzenko,A"]
[Black "Kaasen,Tor Fredrik"]
[Result "1-0"]
[WhiteElo "2356"]
[BlackElo "2442"]

1.d4 Nf6 2.Nf3 g6 3.Bf4 Bg7 4.c3 O-O 5.Nbd2 d6 6.e4 Nbd7 7.Be2 Nh5 8.Bg5 h6
9.Bh4 g5 10.Bg3 e5 11.dxe5 dxe5 12.O-O Qe7 13.Re1 c6 14.Qc2 Nc5 15.b4 Nxg3
16.hxg3 Ne6 17.Nc4 Nc7 18.Ne3 Nb5 19.Nd2 Nd6 20.Bg4 Bxg4 21.Nxg4 f5 22.exf5
Rxf5 23.Ne4 Raf8 24.f3 Qe6 25.Nxd6 Qxd6 26.Rad1 Qe6 27.Re4 a5 28.Ne3 R5f7
29.bxa5 Rd7 30.Qb3 Qxb3 31.axb3 Rxd1+ 32.Nxd1 Rd8 33.Nf2 Rd2 34.Rb4 Bf8 35.Rc4
Ra2 36.b4 c5 37.bxc5 Rxa5 38.Ne4 Ra6 39.Kh2 Rc6 40.Kh3 Kf7 41.Rb4 Bxc5
42.Rxb7+ Kg6 43.Rb5 Bf8 44.g4 Bg7 45.Kg3 Kh7 46.Kf2 Kg6 47.Ke2 h5 48.gxh5+
Kxh5 49.g4+ Kg6 50.Kd3 Rc8 51.Rb6+ Kf7 52.Nd6+ {#r} 1-0

[Event "PRO League KO Stage 2017"]
[Site "masterchessopen.com chess.com INT"]
[Date "2017.03.15"]
[Round "3"]
[White "Lehmann,Spencer G"]
[Black "Ashwin,J"]
[Result "0-1"]
[WhiteElo "2040"]
[BlackElo "2492"]

1.d4 Nf6 2.c4 e6 3.Nc3 Bb4 4.f3 d5 5.a3 Bxc3+ 6.bxc3 c5 7.cxd5 Nxd5 8.dxc5 f5
9.Qc2 O-O 10.e4 fxe4 11.fxe4 Nf6 12.Nf3 Qc7 13.e5 Ng4 14.Bd3 h6 15.O-O Qxc5+
16.Kh1 Nc6 17.Bb2 Ne3 18.Qe2 Nxf1 19.Rxf1 Rf7 20.Qe4 Kf8 21.Qh7 Nxe5 22.Qh8+
Ke7 23.Nxe5 Rxf1+ 24.Bxf1 Qxe5 25.Qg8 Rb8 26.a4 Bd7 27.Ba3+ Kf6 {#R} 0-1

[Event "PRO League KO Stage 2017"]
[Site "masterchessopen.com chess.com INT"]
[Date "2017.03.15"]
[Round "3"]
[White "Lehmann,Spencer G"]
[Black "Shimanov,A"]
[Result "0-1"]
[WhiteElo "2040"]
[BlackElo "2642"]

1.d4 Nf6 2.c4 e6 3.Nc3 Bb4 4.f3 c5 5.d5 d6 6.e4 a6 7.Bd2 O-O 8.Nge2 exd5
9.cxd5 Nbd7 10.Ng3 Ne5 11.Be2 Re8 12.O-O c4 13.Bg5 b5 14.Kh1 h6 15.Bxf6 Qxf6
16.f4 Nd7 17.e5 dxe5 18.Nce4 Qd8 19.f5 Nf6 20.Nxf6+ Qxf6 21.Bf3 e4 22.Bxe4 Bd6
23.Qg4 Qg5 24.Qxg5 hxg5 25.Bc2 Bb7 26.Rad1 Rad8 27.Ne4 f6 28.Nxd6 Rxd6 29.b3
c3 30.Rfe1 Rxe1+ 31.Rxe1 Kf8 32.Be4 b4 33.Bf3 Bxd5 34.Be2 Bb7 35.Kg1 Rd2
36.Kf2 Ke7 37.Kg3 Kd6 38.Bc4 Rxg2+ 39.Kh3 Rxa2 40.Re6+ Kc5 41.Re7 c2 42.Bd3
c1=Q 43.Rc7+ Bc6 {#R} 0-1

[Event "PRO League KO Stage 2017"]
[Site "masterchessopen.com chess.com INT"]
[Date "2017.03.15"]
[Round "3"]
[White "Perez Ponsa,F"]
[Black "Oussedik,E"]
[Result "1-0"]
[WhiteElo "2577"]
[BlackElo "2155"]

1.d4 e6 2.Nf3 Nf6 3.c4 c5 4.g3 cxd4 5.Nxd4 a6 6.Bg2 Qc7 7.Nc3 d6 8.O-O Nbd7
9.e4 Be7 10.Be3 O-O 11.Rc1 Rb8 12.f4 Re8 13.g4 g6 14.g5 Nh5 15.f5 Ne5 16.b3
Bf8 17.Rc2 Qa5 18.a4 Bd7 19.Kh1 Ng7 20.Bc1 exf5 21.Nd5 fxe4 22.Nf6+ Kh8 23.Rf4
Rec8 24.Bxe4 Ne6 25.Rh4 h5 26.Rxh5+ {#r} 1-0

[Event "PRO League KO Stage 2017"]
[Site "masterchessopen.com chess.com INT"]
[Date "2017.03.15"]
[Round "3"]
[White "Meier,Geo"]
[Black "Vachier Lagrave,M"]
[Result "1-0"]
[WhiteElo "2630"]
[BlackElo "2803"]

1.Nf3 Nf6 2.g3 g6 3.Bg2 Bg7 4.d4 d5 5.c4 dxc4 6.Na3 c3 7.bxc3 c5 8.O-O O-O
9.Bb2 Nc6 10.Re1 Bf5 11.d5 Na5 12.c4 a6 13.Qc1 Be4 14.Bh3 b5 15.Nd2 b4 16.Nc2
Re8 17.Ne3 Bh6 18.f4 Nb7 19.Ng4 Bg7 20.Nf2 Nd6 21.g4 e6 22.dxe6 Bc6 23.e4 Rxe6
24.e5 Nd7 25.Qc2 Nb7 26.g5 Rxe5 27.fxe5 Qxg5+ 28.Kf1 Nxe5 29.Rad1 Qf4 30.Qb3
Qxh2 31.Bxe5 Bxe5 32.Nf3 Bxf3 33.Qxf3 Bg3 34.Bg2 Rb8 35.Re7 {#r} 1-0

[Event "PRO League KO Stage 2017"]
[Site "masterchessopen.com chess.com INT"]
[Date "2017.03.15"]
[Round "3"]
[White "Meier,Geo"]
[Black "Degraeve,Remy"]
[Result "1-0"]
[WhiteElo "2630"]
[BlackElo "2137"]

1.Nf3 Nf6 2.g3 g6 3.Bg2 Bg7 4.O-O O-O 5.d4 c5 6.dxc5 Qa5 7.Be3 Nc6 8.Qd2 Qxd2
9.Nbxd2 Nd5 10.c3 Nxe3 11.fxe3 b6 12.cxb6 axb6 13.Nd4 Bb7 14.Nc4 Bh6 15.Kf2
Rad8 16.Nxb6 Bxe3+ 17.Kxe3 Nxd4 18.Bxb7 Nc2+ 19.Kf2 Nxa1 20.Rxa1 Rb8 21.Nxd7
Rxb7 22.Nxf8 Kxf8 23.b4 Rc7 24.a4 Rxc3 25.a5 Ke8 26.a6 Rc8 27.b5 Kd7 28.Rd1+
Kc7 29.Rc1+ {#r} 1-0

[Event "PRO League KO Stage 2017"]
[Site "masterchessopen.com chess.com INT"]
[Date "2017.03.15"]
[Round "3"]
[White "Oussedik,E"]
[Black "Mareco,S"]
[Result "0-1"]
[WhiteElo "2155"]
[BlackElo "2664"]

1.d4 Nf6 2.c4 e6 3.Nf3 d5 4.e3 Bd6 5.Nc3 O-O 6.Qc2 c5 7.cxd5 exd5 8.Nb5 cxd4
9.Nxd6 Qxd6 10.Nxd4 Nc6 11.Nxc6 bxc6 12.Bd3 Re8 13.h3 c5 14.O-O c4 15.Be2 Ne4
16.Bd2 Bf5 17.Qc1 Re6 18.Bc3 Rg6 19.Kh1 Rh6 20.Bf3 Bxh3 21.Bxe4 Bf5+ {#R} 0-1

[Event "PRO League KO Stage 2017"]
[Site "masterchessopen.com chess.com INT"]
[Date "2017.03.15"]
[Round "3"]
[White "Cuevas,A"]
[Black "Caruana,F"]
[Result "0-1"]
[WhiteElo "2288"]
[BlackElo "2817"]

1.c4 e5 2.g3 Nf6 3.Bg2 c6 4.d4 exd4 5.Qxd4 d5 6.cxd5 cxd5 7.Nf3 Nc6 8.Qe3+ Be7
9.O-O O-O 10.Rd1 Re8 11.Qb3 Bc5 12.Nc3 Qb6 13.Qxb6 axb6 14.Bg5 Ne4 15.Be3 Bxe3
16.fxe3 Nxc3 17.bxc3 Rxe3 18.Rxd5 Be6 19.Rb5 Rxe2 20.Rxb6 Bd5 21.Rb5 Be4
22.Re1 Raxa2 23.Rxe2 Rxe2 24.Rxb7 g5 25.Bf1 Bxf3 26.Bxe2 Bxe2 27.Kf2 Bc4
28.Rc7 Ne5 29.h4 gxh4 30.gxh4 Kg7 31.Ke3 Be6 32.Kf4 Kf6 33.Ra7 Ng6+ 34.Kg3 Ne7
35.Ra5 Nf5+ 36.Kf2 h6 37.Ra4 Ke5 38.Kf3 h5 39.Rb4 Bd5+ 40.Kf2 Be4 41.Rb5+ Kf4
42.c4 f6 43.Rb6 Ke5 44.c5 Nd4 45.Rb8 Ne6 46.Rh8 Nxc5 47.Rxh5+ f5 48.Rh8 Kf4
49.Rg8 Nd3+ 50.Kf1 Bf3 51.Rg5 Nc5 52.Rg7 Ne4 53.Rg6 Bg4 54.Kg2 Bf3+ 55.Kf1 Ke3
56.Rg7 f4 57.Re7 Be2+ 58.Kg1 f3 59.Rxe4+ Kxe4 60.Kf2 Kf4 61.h5 Kg5 62.Kg3 Kxh5
63.Kf2 Kg4 64.Kg1 Kg3 65.Kh1 Bc4 66.Kg1 f2+ {#R} 0-1

[Event "PRO League KO Stage 2017"]
[Site "masterchessopen.com chess.com INT"]
[Date "2017.03.15"]
[Round "3"]
[White "Cuevas,A"]
[Black "Kleinman,Michael"]
[Result "0-1"]
[WhiteElo "2288"]
[BlackElo "2289"]

1.c4 c5 2.g3 g6 3.Bg2 Bg7 4.Nc3 Nc6 5.d3 e6 6.h4 Nge7 7.Nh3 b6 8.Bd2 Bb7 9.Nf4
h6 10.Rb1 d6 11.Qc1 Qd7 12.Ne4 d5 13.cxd5 exd5 14.Nc3 d4 15.Ncd5 Nxd5 16.Bxd5
Ne5 17.Bxb7 Qxb7 18.O-O a5 19.a3 O-O 20.Qc2 Rfc8 21.Qb3 c4 22.dxc4 Nxc4
23.Rbd1 a4 24.Qa2 Qe4 25.Rfe1 Qc2 26.Bc1 Ra5 27.Nd3 Bf8 28.Nb4 Bxb4 29.axb4
Rd5 30.Bxh6 b5 31.Rc1 Qb3 32.Qb1 Re8 33.Qd3 Qxd3 34.exd3 Rxe1+ 35.Rxe1 Nxb2
36.Re8+ Kh7 37.Bg5 Kg7 38.Ra8 Nxd3 39.Bd2 Nb2 40.Kf1 Re5 41.Bf4 Rd5 42.Ke2 d3+
43.Kd2 Nc4+ 44.Kd1 d2 45.Bxd2 Rxd2+ 46.Ke1 Rb2 47.Rb8 a3 48.Ra8 a2 {#R} 0-1

[Event "PRO League KO Stage 2017"]
[Site "masterchessopen.com chess.com INT"]
[Date "2017.03.15"]
[Round "3"]
[White "Vachier Lagrave,M"]
[Black "Jobava,Ba"]
[Result "0-1"]
[WhiteElo "2803"]
[BlackElo "2701"]

1.e4 d6 2.d4 Nf6 3.Nc3 e5 4.Nf3 Nbd7 5.g4 Nxg4 6.Rg1 exd4 7.Nxd4 Ngf6 8.Be3
Ne5 9.Be2 h5 10.Qd2 Nfg4 11.Bf4 c5 12.Nf5 Bxf5 13.exf5 Qe7 14.O-O-O O-O-O
15.Nd5 Qd7 16.Rg3 Nxf2 17.Ra3 Kb8 18.Qa5 Nc6 19.Qxc5 Nxd1 20.Bb5 Qxf5 21.Qc4
Rc8 22.Kxd1 g5 23.Be3 Qf3+ 24.Kd2 Qg2+ 25.Kc1 Nd4 26.Bxd4 Rxc4 27.Bxc4 Bh6
28.Bxa7+ Kc8 29.Be3 Kb8 30.Ba7+ Kc8 31.Be3 Kd7 32.Nf6+ Kc7 33.Nd5+ Kd7 34.Nf6+
Kc7 35.Nd5+ Kc6 36.Rb3 g4 37.Rb6+ Kd7 38.Rxb7+ Kc8 39.Rc7+ Kb8 40.Bxh6 Rxh6
41.Rxf7 Rh8 42.b3 h4 43.Nb4 Rc8 44.Na6+ Ka8 45.Kb2 Rxc4 46.bxc4 Qxh2 {#R} 0-1

[Event "PRO League KO Stage 2017"]
[Site "masterchessopen.com chess.com INT"]
[Date "2017.03.15"]
[Round "3"]
[White "Vachier Lagrave,M"]
[Black "Agrest,E"]
[Result "1-0"]
[WhiteElo "2803"]
[BlackElo "2593"]

1.e4 c6 2.Nf3 d5 3.Nc3 Bg4 4.h3 Bxf3 5.Qxf3 Nf6 6.Be2 e6 7.O-O Nbd7 8.d4 dxe4
9.Nxe4 Nxe4 10.Qxe4 Nf6 11.Qd3 Bd6 12.a4 Qe7 13.a5 a6 14.Rd1 Rd8 15.Qf3 h6
16.g3 O-O 17.c3 Rd7 18.Kg2 Rfd8 19.Re1 Bc7 20.b4 Re8 21.Bd3 Qd8 22.Bc2 Bb8
23.Re2 Nd5 24.Bd2 Nf6 25.Rae1 Rf8 26.Bc1 Bc7 27.h4 Bb8 28.Rh1 Nd5 29.Qd3 Nf6
30.g4 e5 31.g5 e4 32.Qh3 Nd5 33.Rxe4 h5 34.Rhe1 Re7 35.Rxe7 Nxe7 36.f4 Nd5
37.Qf3 g6 38.Bd2 Qd6 39.Re4 Ne7 40.Re2 Nd5 41.f5 Qh2+ 42.Kf1 Qxh4 43.Bb3 gxf5
44.Bxd5 cxd5 45.Qxd5 Bg3 46.g6 Qh3+ 47.Qg2 Qg4 48.Qxb7 f4 49.gxf7+ Rxf7 50.Qd5
Qh3+ 51.Kg1 f3 52.Re8+ Kg7 53.Qg5+ {#r} 1-0

[Event "PRO League KO Stage 2017"]
[Site "masterchessopen.com chess.com INT"]
[Date "2017.03.15"]
[Round "3"]
[White "Pantzar,Milton"]
[Black "Vachier Lagrave,M"]
[Result "0-1"]
[WhiteElo "2257"]
[BlackElo "2803"]

1.d4 Nf6 2.c4 g6 3.f3 c5 4.d5 d6 5.e4 e6 6.Nc3 Bg7 7.Nge2 O-O 8.Ng3 a6 9.a4 h5
10.Be2 h4 11.Nf1 Nh7 12.Be3 f5 13.Qc2 f4 14.Bf2 Be5 15.Nd2 a5 16.Ndb1 Na6
17.Na3 Nb4 18.Qd2 Qg5 19.Rg1 Nf6 20.O-O-O Nh5 21.Kb1 Qf6 22.Nab5 exd5 23.Nxd5
Nxd5 24.Qxd5+ Be6 25.Qd2 Rf7 26.Qc2 Rd7 27.Rd3 b6 28.Rgd1 Rad8 29.Bf1 g5 30.h3
Qf7 31.b3 Ng3 32.Ka2 Nh5 33.R1d2 Nf6 34.Qd1 Qe7 35.Qc2 Kg7 36.Rd1 Kh6 37.Be1
Ng8 38.Bc3 Qf6 39.Qd2 Ne7 40.Qb2 Nc6 41.Ka3 Qe7 42.R3d2 Kg6 43.Rd3 Kf7 44.R3d2
Ke8 45.Rd3 Qf6 46.Nxd6+ Ke7 47.Nb5 Rxd3 48.Rxd3 Bxc3 49.Qxc3 Rxd3 50.Qxf6+
Kxf6 51.Bxd3 Nb4 52.Bb1 Bxh3 53.gxh3 g4 54.fxg4 f3 55.Nc3 f2 {#R} 0-1

[Event "PRO League KO Stage 2017"]
[Site "masterchessopen.com chess.com INT"]
[Date "2017.03.15"]
[Round "3"]
[White "Pantzar,Milton"]
[Black "Degraeve,Remy"]
[Result "1-0"]
[WhiteElo "2257"]
[BlackElo "2137"]

1.d4 Nf6 2.c4 e5 3.dxe5 Ng4 4.Nf3 Bc5 5.e3 Nc6 6.a3 a5 7.b3 O-O 8.Bb2 Re8
9.Be2 Ngxe5 10.Nxe5 Nxe5 11.O-O Qh4 12.Nd2 Ra6 13.Bxe5 Rxe5 14.Nf3 Qf6 15.Nxe5
Qxe5 16.b4 Rh6 17.g3 Qe6 18.Qd5 Qh3 19.Qg2 Qxg2+ 20.Kxg2 Bb6 21.c5 Ba7 22.Rfd1
Kf8 23.Ra2 Ke7 24.Rad2 Re6 25.Bg4 Re4 26.Bxd7 Bxd7 27.Rxd7+ Ke6 28.Rxc7 axb4
29.axb4 Rxb4 30.c6 Rb2 31.Rxb7 Rxb7 32.cxb7 Ke7 33.Ra1 Bb8 34.Ra8 {#r} 1-0

[Event "PRO League KO Stage 2017"]
[Site "masterchessopen.com chess.com INT"]
[Date "2017.03.15"]
[Round "3"]
[White "Carlsen,M"]
[Black "Yatzenko,A"]
[Result "1-0"]
[WhiteElo "2838"]
[BlackElo "2356"]

1.e4 e5 2.Nf3 Nc6 3.d3 Nf6 4.g3 d5 5.exd5 Nxd5 6.Bg2 Be7 7.O-O O-O 8.Re1 f6
9.d4 Bg4 10.h3 Bxf3 11.Qxf3 Nb6 12.dxe5 fxe5 13.Qe4 Bc5 14.Be3 Bxe3 15.Qxe3
Qd4 16.Nc3 Rad8 17.Bxc6 bxc6 18.Qxd4 exd4 19.Ne4 Rd5 20.b3 c5 21.c4 dxc3
22.Rac1 c4 23.Rxc3 Ra5 24.Rc2 cxb3 25.axb3 Nd5 26.Rd1 Re8 27.Rd4 Rb5 28.Kg2 h6
29.Nc5 Nf6 30.Rd3 a5 31.Na6 Reb8 32.Nxb8 Rxb8 33.Rxc7 Rb5 34.Ra7 Kh7 35.Rc3
Kg6 36.Rcc7 {#r} 1-0

[Event "PRO League KO Stage 2017"]
[Site "masterchessopen.com chess.com INT"]
[Date "2017.03.15"]
[Round "3"]
[White "Carlsen,M"]
[Black "Sharafiev,A"]
[Result "1-0"]
[WhiteElo "2838"]
[BlackElo "2433"]

1.d4 d5 2.c4 e6 3.Nc3 Nf6 4.cxd5 exd5 5.Bg5 c6 6.e3 Bf5 7.Qf3 Bg6 8.Bxf6 Qxf6
9.Qxf6 gxf6 10.Nf3 Nd7 11.Nh4 Nb6 12.f4 f5 13.Bd3 Nc4 14.Bxc4 dxc4 15.Kf2 c5
16.Rhd1 Rc8 17.Rac1 Be7 18.Nf3 Bh5 19.Nd5 b5 20.b3 cxb3 21.axb3 c4 22.bxc4
bxc4 23.Ra1 Bxf3 24.Kxf3 Bd6 25.Rxa7 O-O 26.Rc1 Rc6 27.Rb7 Rd8 28.Rc2 Bf8
29.Rb5 Kg7 30.Nc3 Kg6 31.Ne2 Rdc8 32.Ng3 Rf6 33.e4 fxe4+ 34.Nxe4 Rf5 35.d5 h5
36.g3 Rd8 37.Rd2 Bg7 38.Rb6+ Kh7 39.d6 Ra5 40.Rc6 Ra3+ 41.Kg2 Rd3 42.Rxd3 cxd3
43.Rc5 Kg6 44.Rg5+ Kh6 45.Rd5 Bf8 46.f5 Re8 47.Kf3 Rd8 48.Rxd3 {#r} 1-0

[Event "PRO League KO Stage 2017"]
[Site "masterchessopen.com chess.com INT"]
[Date "2017.03.15"]
[Round "3"]
[White "Gorozhanin,M"]
[Black "Carlsen,M"]
[Result "0-1"]
[WhiteElo "2419"]
[BlackElo "2838"]

1.d4 Nf6 2.Bf4 e6 3.e3 b6 4.Nf3 Bb7 5.h3 c5 6.Be2 cxd4 7.exd4 Be7 8.O-O O-O
9.c3 d6 10.a4 a6 11.Nbd2 Re8 12.Bh2 Qc7 13.Qb3 Nbd7 14.Rfe1 Bf8 15.Bd3 h6
16.Ne4 Nxe4 17.Bxe4 Bxe4 18.Rxe4 b5 19.axb5 axb5 20.Rae1 Nf6 21.R4e2 Qc4
22.Qc2 Rec8 23.Nd2 Qd5 24.Ne4 Nxe4 25.Rxe4 b4 26.Qd2 Qb3 27.c4 Rxc4 28.Rg4 h5
29.Rh4 Ra5 30.g4 Be7 31.Rxh5 Rxh5 32.gxh5 Qxh3 33.Re3 Qxh5 34.Rg3 Bf6 35.Qf4
Qd1+ 36.Kg2 Qxd4 37.Qf3 d5 38.Qe2 Qe4+ 39.Qxe4 Rxe4 40.Rb3 Re2 41.Rxb4 Rxb2
42.Rh4 Bxh4 {#R} 0-1

[Event "PRO League KO Stage 2017"]
[Site "masterchessopen.com chess.com INT"]
[Date "2017.03.15"]
[Round "3"]
[White "Gorozhanin,M"]
[Black "Lie,K"]
[Result "0-1"]
[WhiteElo "2419"]
[BlackElo "2537"]

1.d4 Nf6 2.Nf3 e6 3.c4 Bb4+ 4.Bd2 Qe7 5.g3 Nc6 6.Bg2 Bxd2+ 7.Nbxd2 O-O 8.O-O
d6 9.e3 e5 10.d5 Nb8 11.Rc1 a5 12.Ne1 Na6 13.e4 c6 14.dxc6 bxc6 15.Nd3 Bg4
16.Qb3 Rfb8 17.Qa3 Be2 18.Rfe1 Bxd3 19.Qxd3 Rxb2 20.Nb3 a4 21.Qc3 Rxa2 22.Na5
Qc7 23.c5 Nxc5 24.Nc4 Nb3 25.Rc2 Rxc2 26.Qxc2 Nd4 27.Qa2 Nd7 28.f4 Nc5 29.Rf1
Ncb3 30.Qf2 Qa7 31.Kh1 Qc5 32.Ne3 f6 33.Qa2 Qc3 34.Nd1 Qd2 35.Qa3 Nb5 36.Qb2
Qxb2 37.Nxb2 a3 {#R} 0-1